|
|
|
|
| LEADER |
01382nam a2200421 a 4500 |
| 001 |
000637257 |
| 003 |
CZ BrMZK |
| 005 |
20090410061219.0 |
| 007 |
ta |
| 008 |
021120s2002 xr g f eng d |
| 015 |
|
|
|a cnb001185164
|
| 020 |
|
|
|a 80-7238-184-9
|
| 035 |
|
|
|a (OCoLC)53262202
|
| 040 |
|
|
|a BOA001
|b cze
|
| 041 |
1 |
|
|a eng
|h cze
|
| 043 |
|
|
|a e-xr---
|b e-xr-pl
|2 czenas
|
| 072 |
|
7 |
|a 72
|x Architektura
|2 Konspekt
|9 21
|
| 080 |
|
|
|a 726.71:27-789.2
|2 MRF
|
| 080 |
|
|
|a 908(437.317)
|2 MRF
|
| 080 |
|
|
|a (036)
|2 MRF
|
| 100 |
1 |
|
|a Drhovský, Karel,
|d 1941-
|7 mzk2002149736
|4 aut
|
| 245 |
1 |
0 |
|a Kladruby monaster /
|c [text: Karel Drhovský]
|
| 246 |
3 |
3 |
|a Kladrubský klášter
|
| 250 |
|
|
|a 1st ed.
|
| 260 |
|
|
|a Plzeň :
|b Fraus,
|c c2002
|
| 300 |
|
|
|a [16] s. :
|b barev. il., mapy ;
|c 22 cm
|
| 490 |
1 |
|
|a Monuments
|
| 500 |
|
|
|a Název z obálky
|
| 500 |
|
|
|a Název v tiráži: Kladrubský klášter
|
| 500 |
|
|
|a Přeloženo z češtiny
|
| 650 |
0 |
7 |
|a benediktinské kláštery
|7 ph118806
|z Česko
|2 czenas
|
| 655 |
|
7 |
|a informační publikace
|7 fd132454
|2 czenas
|
| 610 |
2 |
7 |
|a Klášter Kladruby
|7 kn20020322431
|2 czenas
|
| 651 |
|
7 |
|a Kladruby (Tachov, Česko)
|7 ge129578
|x vlastivěda
|2 czenas
|
| 830 |
|
0 |
|a Monuments
|0 s
|
| 910 |
|
|
|a BOA001
|b 2-1110.228
|
| 990 |
|
|
|a BK
|
| 996 |
6 |
|
|b 2610176193
|c 2-1110.228
|l MZK
|r Sklad / do 1 hodiny
|n 1
|p p.v.
|w 000637257
|u 000010
|a 1
|e BOA001
|j MZK50
|s P
|